Business Research Methods (Record no. 13858)

MARC details
000 -LEADER
fixed length control field 00428nam a22001817a 4500
003 - CONTROL NUMBER IDENTIFIER
control field OSt
008 - FIXED-LENGTH DATA ELEMENTS--GENERAL INFORMATION
fixed length control field 260225b |||||||| |||| 00| 0 eng d
020 ## - INTERNATIONAL STANDARD BOOK NUMBER
International Standard Book Number 9789364441223
082 ## - DEWEY DECIMAL CLASSIFICATION NUMBER
Classification number 658.0072 SCB
100 ## - MAIN ENTRY--PERSONAL NAME
Personal name SCHINDLER,Pamela S
245 ## - TITLE STATEMENT
Title Business Research Methods
250 ## - EDITION STATEMENT
Edition statement 14th Ed
260 ## - PUBLICATION, DISTRIBUTION, ETC. (IMPRINT)
Place of publication, distribution, etc New Delhi
Name of publisher, distributor, etc TMH
Date of publication, distribution, etc 2025
300 ## - PHYSICAL DESCRIPTION
Extent 662
700 ## - ADDED ENTRY--PERSONAL NAME
Personal name GUMTE,Kapil
700 ## - ADDED ENTRY--PERSONAL NAME
Personal name MAHESHWARI,Pratik
942 ## - ADDED ENTRY ELEMENTS (KOHA)
Source of classification or shelving scheme Dewey Decimal Classification
Koha item type Reference Books
Holdings
Withdrawn status Lost status Source of classification or shelving scheme Damaged status Not for loan Collection code Home library Current library Date acquired Source of acquisition Currency Cost, normal purchase price Bill Number Total Checkouts Full call number Acc. no. / Barcode Date last seen Actual Cost, discounted price Bill Date Koha item type
    Dewey Decimal Classification     BBA PIET C-LIBRARY PIET C-LIBRARY 27/01/2026 Zafaa Books and Distributors INR 1150.00 ZBD0442   658.0072 SCB 39897 25/02/2026 805.00 27/01/2026 Reference Books
    Dewey Decimal Classification     BBA PIET C-LIBRARY PIET C-LIBRARY 27/01/2026 Zafaa Books and Distributors INR 1150.00 ZBD0442   658.0072 SCB 39898 25/02/2026 805.00 27/01/2026 Text Books

Design & Developed by: PIET Central Library
R70 Miles Stone Pattikalyana Samalkha Panipat 132102
mail ID :- [email protected], Phone No:- 0180-2569700 Ex.216